000 00961nam a2200301 a 4500
008
020 _a9780435471378 (paperback)
040 _aNUST
_cNUST
049 _aMAIN
090 _aRA485
_bHAR
100 1 _aHarworth, Elizabeth.,
_aauthor.
245 1 0 _aGCSE health and social care for OCR/
_c Elizabeth Haworth ; Carol Forshaw & Neil Moonie.
260 _aOxford :
_bHeinemann Educational,
_c2002.
300 _aviii, 248 pages :
_billustrations (chiefly colour) ;
_c27 cm.
336 _atext
_btxt
_2rdacontent
337 _aunmediated
_bn
_2rdamedia
338 _avolume
_bnc
_2rdacarrier
500 _aIncludes index.
650 1 _aMedical care.
650 _aSocial service.
650 _aGreat Britain.
700 _aForshaw, Carol.,
_aauthor.
700 _aMoonie, Neil.,
_aauthor.
907 _a.b10409646
_b21-09-21
_c21-09-21
003
005 20230123141221.0
942 _cBOOKS
_kRA485
_mHAR
999 _c169710
_d169710